| 000 | 00741cam a2200253 4500 | ||
|---|---|---|---|
| 001 | 2622777 | ||
| 003 | ARRUPE | ||
| 005 | 20151204145955.0 | ||
| 008 | 730426s1969 oncf 001 0 eng d | ||
| 035 | _a(OCoLC)ocm00611449 | ||
| 035 | _a(NNC)2622777 | ||
| 040 |
_aWSU _cWSU _dOCL _dCPL _dZCU |
||
| 043 | _an-us--- | ||
| 090 |
_aML3561.R62 _bP6 |
||
| 100 | 1 |
_aGoldstein, Richard (ed.) _d1944-, _eeditor. _920615 |
|
| 245 | 1 | 4 | _aThe poetry of rock. |
| 260 |
_aToronto, _aNew York, _bBantam Books _c[1969] |
||
| 300 |
_axii, 147 p. _b16 plates. _c18 cm. |
||
| 490 | 1 |
_aA Bantam book, _vP3964 |
|
| 650 | 0 |
_aMusic, popular _xHistory _zunited States _920616 |
|
| 830 | 0 |
_aBantam book ; _vP3964. _920617 |
|
| 942 |
_2lcc _cMONOGRAPH |
||
| 999 |
_c123636 _d123636 |
||